|
|
|
|
| LEADER |
00874ncm a22002292a 4500 |
| 001 |
001250839 |
| 003 |
CZ BrMZK |
| 005 |
20120920122851.0 |
| 007 |
qu |
| 008 |
120920s1895 gw |||||||||||||||||ger d |
| 040 |
|
|
|a BOA001
|b cze
|
| 072 |
|
7 |
|a 782
|x Divadelní hudba. Opera, opereta, muzikál
|2 Konspekt
|9 9
|
| 100 |
1 |
|
|a Millöcker, Karl,
|d 1842-1899
|7 kup19990000065638
|4 cmp
|
| 245 |
1 |
4 |
|a Der arme Jonathan
|h [hudebnina] :
|b Operette in drei Akten von Hugo Wittmann und Julius Bauer : Clavierauszug mit Text /
|c Karl Millöcker
|
| 260 |
|
|
|a Leipzig :
|b Cranz,
|c [1895?]
|
| 300 |
|
|
|a 170 s.
|
| 700 |
1 |
|
|a Wittmann, Hugo,
|d 1839-1923
|7 mzk2009533519
|4 lbt
|
| 700 |
1 |
|
|a Bauer, Julius,
|d 1853-1941
|7 mzk2011646264
|4 lbt
|
| 910 |
|
|
|a BOA001
|b Mus4-0505.548
|
| 990 |
|
|
|a MU
|
| 991 |
|
|
|b 201209
|
| 996 |
6 |
|
|b 2619466152
|c Mus4-0505.548
|l MZK
|r Sklad / do 1 hodiny
|n 1
|w 001284888
|u 000010
|a 1
|e BOA001
|j MZK50
|s P
|